000 00675nam a2200205 a 4500
001 000044403
003 DO-SdBNP
005 20171026140126.0
007 000044403
008 140627s1995 dr 000 0 spa d
040 _aBPMSU
_bspa
_cBPMSU
245 0 0 _aLibro de ítemes bachillerato /
260 _aSanto Domingo :
_bPlan Decenal de Educación,
_c1995-
300 _av. ;
_c22 cm.
505 0 _gv. 1
_tPruebas comprensivas
_gv. 2
_tPruebas diferenciadas
710 2 _aSecretaría de Estado de Educación Comisión Nacional de Pruebas (República Dominicana)
942 _2ddc
_cBK
945 _aInvetariado / 2017 VM
956 _aVMATEO
_b10
_c20150908
_lBPMSU
_h00151
999 _c7427
_d7427